Normal view
MARC view
- Biomedical Engineering
Entry Topical Term
001 - CONTROL NUMBER
- control field: 55907
003 - CONTROL NUMBER IDENTIFIER
- control field: NUST
005 - DATE AND TIME OF LATEST TRANSACTION
- control field: 20210628201556.0
008 - FIXED-LENGTH DATA ELEMENTS
- fixed length control field: 210628|| aca||aabn | a|a d
040 ## - CATALOGING SOURCE
- Original cataloging agency: NUST
- Transcribing agency: NUST
150 ## - HEADING--TOPICAL TERM
- Topical term or geographic name entry element: Biomedical Engineering
- General subdivision: methods
670 ## - SOURCE DATA FOUND
- Source citation: Work cat.: (NUST): Labhasetwar, Vinod. Leslie-Pelecky, Diandra L. 55906, Biomedical applications of nanotechnology /LABHASETWAR, VINOD, LESLIE, PELECKY DIANDRA L, c2007.
